|
|
|
|
| LEADER |
00000nab a2200000 a 4500 |
| 001 |
vtls000391590 |
| 003 |
SK-MaSNL |
| 005 |
20260304082259.0 |
| 008 |
250424c1990 xo 0 slo |
| 015 |
|
|
|a SNBRB19rr/mm-uuuuu
|
| 035 |
|
|
|a CL0391714
|
| 035 |
|
|
|a urn:nbn:sk:snk-ab99t
|
| 035 |
|
|
|a (urnnbn)urn:nbn:sk:snk:ar-a03c6r
|
| 035 |
|
|
|a (uuid)74caaf0a-0c53-4537-9c1b-bfc1cd7fdde2
|
| 040 |
|
|
|a SNKBUCL
|b slo
|c SNKBUCL
|e AACR2
|
| 041 |
0 |
|
|a slo
|
| 044 |
|
|
|a xo
|c SK
|
| 080 |
|
|
|a 612.363
|2 1981
|
| 080 |
|
|
|a 611-018.7
|2 1981
|
| 080 |
|
|
|a 612.014.1
|2 1981
|
| 245 |
0 |
0 |
|a Lektínová histochemická analýza epitelovej výstelky králičieho apendixu ; Bernard Geryk, Milan Zaviačič, Mária Ružičková, Eva Surmíková, Ján Jakubovský, Irina Sadloňová
|
| 300 |
|
|
|b Obr. 7. Tb. 1. Res. angl., lit. 25 zázn. v slov., češ., angl.
|
| 650 |
0 |
7 |
|a apendix
|2 snkbucl
|9 23347
|
| 655 |
|
7 |
|a články z novín a časopisov
|2 snkbucl
|9 267496
|
| 700 |
1 |
|
|a Geryk, Bernard,
|d 1936-2001
|4 aut
|9 40345
|
| 700 |
1 |
|
|a Zaviačič, Milan,
|d 1940-2010
|4 aut
|9 223222
|
| 700 |
1 |
|
|a Ružičková, Mária
|4 aut
|9 931125
|
| 700 |
1 |
|
|a Surmíková, Eva
|4 aut
|9 1113523
|
| 700 |
1 |
|
|a Jakubovský, Ján,
|d 1939-
|4 aut
|9 5010
|
| 700 |
1 |
|
|a Sadloňová, Irina
|4 aut
|9 1137373
|
| 773 |
0 |
|
|t Bratislavské lekárske listy
|g Roč. 91, č. 6 (1990), s. 454-460
|
| 850 |
|
|
|a Slovenská národná knižnica
|
| 852 |
|
|
|a Slovenská národná knižnica
|
| 954 |
|
|
|a odborná, vedecká literatúra pôvodná (slovenská)
|2 lita
|
| 958 |
|
|
|a article27
|
| 958 |
|
|
|a NB
|
| 958 |
|
|
|a RK
|
| 958 |
|
|
|a MI
|
| 958 |
|
|
|a OND
|
| 958 |
|
|
|a EUIPO
|
| 992 |
|
|
|a RBX
|
| 999 |
|
|
|c 2795083
|d 2797013
|